All Good Riddance (Deluxe) Songs - Gracie Abrams - Statistics

General Stats
  • This quiz has been taken 60 times
  • The average score is 14 of 16
Answer Stats
Hint Answer % Correct
2 I know it won't work
93%
1 Best
90%
7 Amelie
88%
11 The blue
88%
16 Two people
88%
15 405
86%
13 Block me out
86%
12 Right now
86%
9 This is what the drugs are for
86%
8 Difficult
83%
10 Fault line
83%
3 Full machine
83%
14 Unsteady
81%
4 Where do we go now?
79%
6 Will you cry?
79%
5 I should hate you
76%
No matching quizzes found
Score Distribution
Percent of People with Each Score
Percentile by Number Answered
Your Score History
You have not taken this quiz